[Event "Kharkov Caissa"]
[Site "Kharkov"]
[Date "2010.??.??"]
[Round "4"]
[White "Shornikov, Ivan"]
[Black "Mischuk, Dmitry"]
[Result "0-1"]
[WhiteElo "2410"]
[BlackElo "2374"]
[PlyCount "88"]
[EventDate "2010.03.21"]
[EventType "tourn"]
[EventRounds "9"]
[EventCountry "UKR"]
[EventCategory "7"]
[SourceTitle "CBM 135 Extra"]
[Source "ChessBase"]
[SourceDate "2010.05.04"]
[SourceVersion "1"]
[SourceVersionDate "2010.05.04"]
[SourceQuality "1"]

1. e4 e5 2. Nf3 Nc6 3. Bb5 Nf6 4. 0-0 Nxe4 5. d4 Nd6 6. Bxc6 dxc6 7. dxe5 Nf5 8. Qxd8+ Kxd8 9. Nc3 Ke8 10. h3 Be7 11. g4 Nh4 12. Nxh4 Bxh4 13. Kg2 h5 14. f3 b6 15. Be3 Be6 16. Rad1 Rd8 17. Rxd8+ Kxd8 18. Rd1+ Kc8 19. a4 a5 20. b3 c5 21. Bf4 c4 22. bxc4 Bxc4 23. Ne4 Be7 24. Ng5 hxg4 25. hxg4 Rd8 26. Rxd8+ Kxd8 27. Ne4 Ba3 28. Bd2 Bd5 29. Nc3 Bc6 30. Kf2 Bb2 31. Ke3 g5 32. Ne4 Bxe5 33. Nxg5 Ke7 34. Kd3 Bxa4 35. Ne4 Bc6 36. f4 Bg7 37. f5 Be5 38. g5 Bd7 39. f6+ Ke6 40. Bxa5 bxa5 41. Nc5+ Kd6 42. Nb7+ Kd5 43. c4+ Kc6 44. Nxa5+ Kb6 0-1